Friends : (Record no. 24369)
[ view plain ]
| 000 -LEADER | |
|---|---|
| fixed length control field | 01009cam a2200193 i 4500 |
| 020 ## - INTERNATIONAL STANDARD BOOK NUMBER | |
| ISBN | 9789361569876 |
| 041 ## - LANGUAGE CODE | |
| Language code of text/sound track or separate title | English |
| 082 ## - DEWEY DECIMAL CLASSIFICATION NUMBER | |
| Classification number | 327.54 |
| Item number | SRE |
| 100 1# - MAIN ENTRY--AUTHOR NAME | |
| Author name | Sreeram, Chaulia |
| 245 10 - TITLE STATEMENT | |
| Title | Friends : |
| Sub Title | India's closest strategic partners / |
| Statement of responsibility, etc | Sreeram Chaulia. |
| 260 ## - PUBLICATION, DISTRIBUTION, ETC. (IMPRINT) | |
| Place of publication | New Delhi : |
| Name of publisher | Rupa Publication , |
| Year of publication | 2024 . |
| 300 ## - PHYSICAL DESCRIPTION | |
| Number of Pages | 296 pages ; |
| Dimensions | 23 cm . |
| 504 ## - BIBLIOGRAPHY, ETC. NOTE | |
| Bibliography, etc | Includes bibliographical references and index. |
| 505 ## - FORMATTED CONTENTS NOTE | |
| Formatted contents note | 1. Feeding the koi fish: Japan and India in Broader Asia -- 2. Reaching the top tier: Australia and India in a new era -- 3. Two Great Powers: The USA and India in the Asian century -- 4. The Long Bear Hug: Russia and India Against All Odds -- 5. Independent and Aligned: France and India in a Multipolar World -- 6. Brothers in Arms: Israel and India Take on Common Dangers -- 7. I Too, You Too: The UAE and India in a Transformative Embrace |
| 650 ## - SUBJECT ADDED ENTRY--TOPICAL TERM | |
| Subject | Foreign relations |
| Chronological subdivision | 21st century |
| 650 ## - SUBJECT ADDED ENTRY--TOPICAL TERM | |
| Subject | Strategic partnerships. |
| 942 ## - ADDED ENTRY ELEMENTS (KOHA) | |
| Source of classification or shelving scheme | Dewey Decimal Classification |
| Koha item type | Books |
| Withdrawn status | Lost status | Source of classification or shelving scheme | Damaged status | Not for loan | Home library | Current library | Shelving location | Date acquired | Source of acquisition | Cost, normal purchase price | Bill Date | Full call number | Accession Number | Price effective from | Koha item type |
|---|---|---|---|---|---|---|---|---|---|---|---|---|---|---|---|
| Dewey Decimal Classification | Institute of Public Enterprise, Library | Institute of Public Enterprise, Library | S Campus | 07/01/2026 | Feel Books Pvt | 795.00 | 20-04-2026 | 327.54 CHA | 51064 | 07/01/2026 | Books |

2cqr automation private limited, Chennai. All Rights Reserved.